[Event "Ghent VSF-chA"]
[Site "Ghent"]
[Date "2007.05.20"]
[Round "7"]
[White "Schrickx, Frank"]
[Black "Willen, Benny"]
[Result "0-1"]
[WhiteElo "1885"]
[BlackElo "1988"]
[PlyCount "70"]
[EventDate "2007.05.17"]
[EventType "swiss"]
[EventRounds "7"]
[EventCountry "BEL"]
[SourceTitle "EXT 2009"]
[Source "ChessBase"]
[SourceDate "2008.11.26"]
[SourceVersion "1"]
[SourceVersionDate "2008.11.26"]
[SourceQuality "1"]

1. e4 e5 2. Nf3 Nc6 3. Bc4 Nf6 4. Nc3 Nxe4 5. Nxe4 d5 6. Bxd5 Qxd5 7. Nc3 Qd8 8. d3 Bb4 9. Bd2 0-0 10. h3 Be6 11. Ne4 Qe7 12. a3 Bd6 13. Bc3 f5 14. Nxd6 cxd6 15. 0-0 Rf6 16. Nh2 f4 17. f3 Rg6 18. Kh1 Qg5 19. Qe2 Ne7 20. Be1 Nf5 21. Rg1 Nd4 22. Qf2 Rc8 23. c3 Nf5 24. Qe2 Qh5 25. Rf1 Ne3 26. Rg1 Nf5 27. Rf1 Ne3 28. Rg1 Qg5 29. g4 h5 30. h4 Qf6 31. g5 Qf5 32. Bd2 Nd5 33. Raf1 Ne7 34. Be1 Bd5 35. Qg2 Qxd3 0-1

[Event "Ghent VSF-chA"]
[Site "Ghent"]
[Date "2007.05.17"]
[Round "2"]
[White "Willen, Benny"]
[Black "Roos, Adrian"]
[Result "1-0"]
[WhiteElo "1988"]
[BlackElo "1897"]
[PlyCount "61"]
[EventDate "2007.05.17"]
[EventType "swiss"]
[EventRounds "7"]
[EventCountry "BEL"]
[SourceTitle "EXT 2009"]
[Source "ChessBase"]
[SourceDate "2008.11.26"]
[SourceVersion "1"]
[SourceVersionDate "2008.11.26"]
[SourceQuality "1"]

1. e4 c5 2. Nf3 e6 3. d4 cxd4 4. Nxd4 Nc6 5. c3 Nf6 6. Bd3 Be7 7. 0-0 a6 8. a4 0-0 9. Qe2 d5 10. e5 Nd7 11. f4 Bc5 12. Be3 Nxd4 13. cxd4 Ba7 14. f5 exf5 15. Bxf5 Nb8 16. Bd3 Nc6 17. Rf4 Nb4 18. Bxh7+ Kxh7 19. Qh5+ Kg8 20. Rh4 f5 21. Qh7+ Kf7 22. Qh5+ Ke6 23. Qg6+ Kd7 24. e6+ Ke7 25. Bg5+ Rf6 26. Qxg7+ Kxe6 27. Bxf6 Qxf6 28. Rh6 Bxd4+ 29. Kh1 Bd7 30. Nc3 Rf8 31. Qxf8 1-0

[Event "Ghent C&D op"]
[Site "Ghent"]
[Date "2004.04.10"]
[Round "1"]
[White "Deman, Tomas"]
[Black "Willen, Benny"]
[Result "1-0"]
[WhiteElo "1425"]
[BlackElo "1823"]
[PlyCount "76"]
[EventDate "2004.04.10"]
[EventType "swiss"]
[EventRounds "6"]
[EventCountry "BEL"]
[SourceTitle "EXT 2005"]
[Source "ChessBase"]
[SourceDate "2004.11.15"]
[SourceVersion "1"]
[SourceVersionDate "2004.11.15"]
[SourceQuality "1"]

1. e4 e5 2. Nf3 Nc6 3. Bc4 Nf6 4. Ng5 d5 5. exd5 Na5 6. Bb5+ c6 7. dxc6 bxc6 8. Be2 h6 9. Nf3 e4 10. Ne5 Bd6 11. d4 0-0 12. 0-0 Qc7 13. f4 Bf5 14. b3 Rad8 15. Qe1 c5 16. c3 Qb6 17. Qf2 Rc8 18. Be3 Rfd8 19. dxc5 Qc7 20. cxd6 Rxd6 21. Bd4 Nd7 22. Na3 a6 23. Nac4 Re6 24. Nxa5 Nxe5 25. Bxe5 Qxa5 26. Bc4 Rg6 27. Rfd1 Bh3 28. g3 Bg4 29. Rd5 Qb6 30. Qxb6 Rxb6 31. Re1 Bf3 32. Rd7 Rf8 33. Kf2 Kh7 34. Bd5 f6 35. Bd4 Bg4 36. Bxe4+ Kh8 37. Bxb6 Bxd7 38. Rd1 Be6 1-0

[Event "Ghent C&D op"]
[Site "Ghent"]
[Date "2004.04.10"]
[Round "4"]
[White "Willen, Benny"]
[Black "Khonghaloos, Zorik"]
[Result "0-1"]
[WhiteElo "1823"]
[BlackElo "1653"]
[PlyCount "94"]
[EventDate "2004.04.10"]
[EventType "swiss"]
[EventRounds "6"]
[EventCountry "BEL"]
[SourceTitle "EXT 2005"]
[Source "ChessBase"]
[SourceDate "2004.11.15"]
[SourceVersion "1"]
[SourceVersionDate "2004.11.15"]
[SourceQuality "1"]

1. e4 e5 2. f4 exf4 3. Nf3 d5 4. exd5 Qxd5 5. Nc3 Qd8 6. d4 Bd6 7. Bd3 Ne7 8. 0-0 Bg4 9. Qe1 Nbc6 10. Ne5 Nxe5 11. dxe5 Bc5+ 12. Kh1 f3 13. Be3 fxg2+ 14. Kxg2 Bxe3 15. Qxe3 Nd5 16. Nxd5 Qxd5+ 17. Be4 Qb5 18. Bd3 Qd7 19. Kh1 0-0 20. Qe4 Qc6 21. Qxc6 bxc6 22. Be4 Rab8 23. b3 Rb6 24. a4 c5 25. Rf4 h5 26. Raf1 Re6 27. Bd5 Re7 28. Rc4 Rxe5 29. Bf3 Bxf3+ 30. Rxf3 Rd8 31. Rd3 Rxd3 32. cxd3 a6 33. Kg2 f6 34. Kf3 Kf7 35. d4 cxd4 36. Rxc7+ Kg6 37. Rd7 Re3+ 38. Kf4 Rxb3 39. Rxd4 Rb2 40. Kg3 Kg5 41. Rd6 h4+ 42. Kf3 Rxh2 43. Rxa6 Ra2 44. Ra8 h3 45. a5 h2 46. Rh8 Rxa5 47. Rxh2 Ra3+ 0-1